000 003370000a22001090004500
100 1 _aMitchell, Bill
245 1 0 _aTereré y huevos de Ñandú, en taller de traducción Bíblica en el Chaco
300 _aVol.43, núm.182 (1988), Páginas 21
650 1 4 _aTRADUCCIÓN-BIBLIA-CONO SUR
773 0 _tLa Biblia en las Américas
942 _cANA
999 _c62858
_d62858